header

The Jewish book of days (Record no. 92718)

MARC details
000 -LEADER
fixed length control field 01688nam a22003974a 4500
082 04 - DEWEY DECIMAL CLASSIFICATION NUMBER
Classification number 296.7/2
100 1# - MAIN ENTRY--AUTHOR NAME
Personal name Hammer, Jill.
245 14 - TITLE STATEMENT
Title The Jewish book of days
250 ## - EDITION STATEMENT
Edition statement 1st ed.
260 ## - PUBLICATION, DISTRIBUTION, ETC. (IMPRINT)
Place of publication Philadelphia :
Name of publisher Jewish Publication Society,
Year of publication 2006.
300 ## - PHYSICAL DESCRIPTION
Number of Pages 440 p. :
Other physical details ill.
505 0# - FORMATTED CONTENTS NOTE
Formatted contents note The seed : 1 Tishrei to 14 Cheshvan -- The root : 15 Heshvan to 30 Kislev -- The branch : 1 Tevet to 14 Shevat -- The sap : 15 Shevat to 29 Adar -- The bud : 1 Nisan to 14 Iyar -- The leaf : 15 Iyar to 30 Sivan -- The flower : 1 Tammuz to 14 Av -- The fruit : 15 Av to 29 Elul.
650 #0 - SUBJECT ADDED ENTRY--TOPICAL TERM
Topical Term Spiritual life
Topical Term Seasons
Topical Term Nature
Topical Term Jewish calendar.
Topical Term Midrash.
Topical Term Presence of God.
Topical Term Days.
856 40 - ELECTRONIC LOCATION AND ACCESS
Uniform Resource Identifier http://site.ebrary.com/lib/rucke/Doc?id=10402767

No items available.

© 2026 Rongo University
Contact us: librarian | system librarian | Rongo university